[Event "MP do lat 16 - dziewczeta"]
[Site "Sypniewo"]
[Date "2022.03.27"]
[Round "9.19"]
[White "Pietrzak, Emilia"]
[Black "Walendykiewicz, Martyna"]
[Result "0-1"]
[BlackElo "1224"]
[WhiteElo "1474"]
[LiveChessVersion "1.4.8"]

1. d4 {[%clk 1:30:57]} d5 {[%clk 1:30:52]} 2. c4 {[%clk 1:31:22]} e6
{[%clk 1:31:15]} 3. Nf3 {[%clk 1:31:48]} Nf6 {[%clk 1:31:37]} 4. g3
{[%clk 1:32:14]} Be7 {[%clk 1:31:58]} 5. Bg2 {[%clk 1:32:40]} O-O
{[%clk 1:32:16]} 6. O-O {[%clk 1:33:02]} b6 {[%clk 1:32:32]} 7. Nc3
{[%clk 1:32:40]} Bb7 {[%clk 1:32:40]} 8. b3 {[%clk 1:32:05]} Nbd7
{[%clk 1:32:50]} 9. Bb2 {[%clk 1:31:40]} c5 {[%clk 1:31:43]} 10. cxd5
{[%clk 1:23:37]} Nxd5 {[%clk 1:29:17]} 11. Ne4 {[%clk 1:15:21]} N7f6
{[%clk 1:27:02]} 12. Nfd2 {[%clk 1:14:32]} cxd4 {[%clk 1:21:46]} 13. Bxd4
{[%clk 1:14:38]} Qd7 {[%clk 1:21:11]} 14. e3 {[%clk 1:10:54]} Nxe4
{[%clk 1:13:08]} 15. Nxe4 {[%clk 1:08:58]} f5 {[%clk 1:13:24]} 16. Nd2
{[%clk 1:00:58]} Bf6 {[%clk 1:10:45]} 17. Nc4 {[%clk 0:59:34]} Ba6
{[%clk 1:09:55]} 18. Qd2 {[%clk 0:52:40]} Rac8 {[%clk 1:08:29]} 19. Rac1
{[%clk 0:50:41]} Rfd8 {[%clk 1:04:10]} 20. Rfd1 {[%clk 0:49:40]} Bxc4
{[%clk 0:59:15]} 21. bxc4 {[%clk 0:49:27]} Ne7 {[%clk 0:59:02]} 22. Qc2
{[%clk 0:46:13]} Bxd4 {[%clk 0:58:00]} 23. exd4 {[%clk 0:44:34]} Kf8
{[%clk 0:47:37]} 24. Qe2 {[%clk 0:39:54]} g6 {[%clk 0:43:07]} 25. Qe3
{[%clk 0:32:26]} Ng8 {[%clk 0:40:58]} 26. d5 {[%clk 0:29:58]} exd5
{[%clk 0:40:18]} 27. Bxd5 {[%clk 0:28:33]} Qe7 {[%clk 0:40:01]} 28. Qf3
{[%clk 0:27:45]} Nf6 {[%clk 0:39:14]} 29. Re1 {[%clk 0:26:25]} Qc5
{[%clk 0:38:42]} 30. Qc3 {[%clk 0:25:10]} Kg7 {[%clk 0:31:45]} 31. Re6
{[%clk 0:22:34]} Rf8 {[%clk 0:32:06]} 32. Qb2 {[%clk 0:18:26]} Rce8
{[%clk 0:30:35]} 33. Rce1 {[%clk 0:18:10]} Rxe6 {[%clk 0:29:57]} 34. Rxe6
{[%clk 0:18:38]} b5 {[%clk 0:29:13]} 35. Qe5 {[%clk 0:17:45]} bxc4
{[%clk 0:28:29]} 36. Re7+ {[%clk 0:18:04]} Kh6 {[%clk 0:28:08]} 37. h4
{[%clk 0:12:18]} Nxd5 {[%clk 0:24:06]} 38. Qg7+ {[%clk 0:10:24]} Kh5
{[%clk 0:24:31]} 39. Qxh7+ {[%clk 0:06:57]} Kg4 {[%clk 0:24:56]} 40. Kg2
{[%clk 0:36:14]} Nf4+ {[%clk 0:54:50]} 41. gxf4 {[%clk 0:35:51]} Qd5+
{[%clk 0:54:28]} 42. Kh2 {[%clk 0:33:51]} Qd6 {[%clk 0:53:18]} 43. Re3
{[%clk 0:33:11]} Qf6 {[%clk 0:48:38]} 44. Rg3+ {[%clk 0:31:33]} Kxf4
{[%clk 0:48:55]} 45. Qc7+ {[%clk 0:30:48]} Qe5 {[%clk 0:48:32]} 46. Rf3+
{[%clk 0:30:45]} Ke4+ {[%clk 0:48:55]} 47. Qxe5+ Kxe5 {[%clk 0:49:24]} 48. Kg2
{[%clk 0:28:15]} Rc8 {[%clk 0:49:46]} 49. Rc3 {[%clk 0:28:10]} Kd4
{[%clk 0:50:11]} 50. Rc1 {[%clk 0:28:36]} Kd3 {[%clk 0:50:32]} 51. Kf3
{[%clk 0:28:00]} Kd2 {[%clk 0:50:53]} 52. Rb1 {[%clk 0:28:24]} c3
{[%clk 0:51:16]} 53. Rb7 {[%clk 0:28:43]} Rd8 {[%clk 0:50:49]} 0-1

[Event "MP do lat 16 - dziewczeta"]
[Site "Sypniewo"]
[Date "2022.03.27"]
[Round "9.20"]
[White "Pieczewska, Jadwiga"]
[Black "Kicinska, Magdalena"]
[Result "1-0"]
[BlackElo "1436"]
[WhiteElo "1234"]
[LiveChessVersion "1.4.8"]

1. c4 {[%clk 1:30:59]} Nf6 {[%clk 1:30:54]} 2. Nf3 {[%clk 1:31:24]} c6
{[%clk 1:31:15]} 3. g3 {[%clk 1:31:45]} d5 {[%clk 1:31:32]} 4. Qc2
{[%clk 1:31:48]} Bg4 {[%clk 1:31:19]} 5. Bg2 {[%clk 1:32:04]} e6 {[%clk 1:31:27]}
6. b3 {[%clk 1:32:09]} Nbd7 {[%clk 1:31:37]} 7. Bb2 {[%clk 1:31:55]} Bd6
{[%clk 1:31:13]} 8. O-O {[%clk 1:31:17]} O-O {[%clk 1:30:55]} 9. d3
{[%clk 1:30:47]} Rc8 {[%clk 1:28:08]} 10. Nbd2 {[%clk 1:29:21]} b5
{[%clk 1:24:16]} 11. e4 {[%clk 1:22:59]} dxe4 {[%clk 1:20:34]} 12. Nxe4
{[%clk 1:21:36]} Bb8 {[%clk 1:15:49]} 13. Nd4 {[%clk 1:15:54]} Qb6
{[%clk 1:11:33]} 14. Rac1 {[%clk 1:11:49]} Nxe4 {[%clk 1:09:12]} 15. Bxe4
{[%clk 1:09:26]} b4 {[%clk 1:07:43]} 16. Qd2 {[%clk 0:59:44]} c5 {[%clk 1:02:45]}
17. Ne2 {[%clk 0:55:04]} Ne5 {[%clk 0:59:41]} 18. f4 {[%clk 0:52:30]} Ng6
{[%clk 0:56:23]} 19. d4 {[%clk 0:46:47]} Rfd8 {[%clk 0:46:02]} 20. d5
{[%clk 0:41:38]} exd5 {[%clk 0:45:14]} 21. Bxd5 {[%clk 0:41:24]} Ne7
{[%clk 0:43:58]} 22. Kh1 {[%clk 0:39:44]} Bxe2 {[%clk 0:42:48]} 23. Qxe2
{[%clk 0:39:38]} Nxd5 {[%clk 0:43:11]} 24. cxd5 {[%clk 0:39:49]} Rxd5
{[%clk 0:43:13]} 25. Qg4 {[%clk 0:39:40]} f6 {[%clk 0:33:31]} 26. Qxc8+
{[%clk 0:39:36]} Rd8 {[%clk 0:33:50]} 27. Qxc5 {[%clk 0:39:15]} Qb7+
{[%clk 0:33:12]} 28. Qc6 {[%clk 0:39:16]} 1-0

[Event "MP do lat 16 - dziewczeta"]
[Site "Sypniewo"]
[Date "2022.03.27"]
[Round "9.21"]
[White "Boguszewska, Julia"]
[Black "Kaznowska, Kinga"]
[Result "0-1"]
[BlackElo "1239"]
[WhiteElo "1034"]
[LiveChessVersion "1.4.8"]

1. d4 {[%clk 1:30:58]} d5 {[%clk 1:30:57]} 2. c4 {[%clk 1:31:23]} c6
{[%clk 1:31:24]} 3. Nc3 {[%clk 1:31:18]} Nf6 {[%clk 1:31:39]} 4. cxd5
{[%clk 1:31:34]} Nxd5 {[%clk 1:32:01]} 5. e4 {[%clk 1:27:59]} Nb6
{[%clk 1:31:27]} 6. Nf3 {[%clk 1:27:17]} e6 {[%clk 1:31:43]} 7. Bf4
{[%clk 1:24:18]} Bd6 {[%clk 1:31:10]} 8. Bxd6 {[%clk 1:21:43]} Qxd6
{[%clk 1:31:23]} 9. Bd3 {[%clk 1:20:37]} N8d7 {[%clk 1:28:28]} 10. Qc2
{[%clk 1:19:02]} e5 {[%clk 1:27:40]} 11. dxe5 {[%clk 1:12:34]} Nxe5
{[%clk 1:27:58]} 12. Nxe5 {[%clk 1:12:43]} Qxe5 {[%clk 1:28:20]} 13. O-O-O
{[%clk 1:10:14]} Bd7 {[%clk 1:27:41]} 14. Kb1 {[%clk 1:08:05]} O-O-O
{[%clk 1:27:00]} 15. h3 {[%clk 0:59:00]} Kb8 {[%clk 1:26:09]} 16. Rhf1
{[%clk 0:57:56]} g6 {[%clk 1:18:49]} 17. f4 {[%clk 0:54:56]} Qg7 {[%clk 1:18:34]}
18. Rde1 {[%clk 0:53:05]} Rhg8 {[%clk 1:17:12]} 19. e5 {[%clk 0:47:23]} Bc8
{[%clk 1:12:01]} 20. Rf2 {[%clk 0:26:52]} Nd5 {[%clk 1:07:15]} 21. Nxd5
{[%clk 0:26:06]} Rxd5 {[%clk 1:07:36]} 22. Bc4 {[%clk 0:25:55]} Bf5
{[%clk 1:06:47]} 23. Re4 {[%clk 0:25:30]} Bxe4 {[%clk 1:06:50]} 24. Qxe4
{[%clk 0:25:49]} Rd1+ {[%clk 1:05:14]} 25. Kc2 {[%clk 0:25:21]} Rgd8
{[%clk 1:04:49]} 26. Bb3 {[%clk 0:22:24]} Qf8 {[%clk 0:53:34]} 27. Qc4
{[%clk 0:19:27]} R1d4 {[%clk 0:51:20]} 28. Qc3 {[%clk 0:17:59]} Rd1
{[%clk 0:43:27]} 29. e6 {[%clk 0:16:22]} fxe6 {[%clk 0:41:14]} 30. Bxe6
{[%clk 0:15:21]} Qd6 {[%clk 0:40:05]} 31. Bc4 {[%clk 0:13:16]} Rc1+
{[%clk 0:38:14]} 0-1

[Event "MP do lat 16 - dziewczeta"]
[Site "Sypniewo"]
[Date "2022.03.27"]
[Round "9.22"]
[White "Reszka, Barbara"]
[Black "Wiecek, Karolina"]
[Result "0-1"]
[BlackElo "1227"]
[WhiteElo "1156"]
[LiveChessVersion "1.4.8"]

1. e4 {[%clk 1:30:58]} e5 {[%clk 1:30:54]} 2. Nf3 {[%clk 1:31:15]} Nf6
{[%clk 1:31:19]} 3. Nxe5 {[%clk 1:31:29]} d6 {[%clk 1:31:43]} 4. Nf3
{[%clk 1:31:35]} Nxe4 {[%clk 1:32:04]} 5. Nc3 {[%clk 1:31:47]} Nxc3
{[%clk 1:32:27]} 6. dxc3 {[%clk 1:32:05]} Be7 {[%clk 1:32:49]} 7. Be3
{[%clk 1:31:39]} Nc6 {[%clk 1:32:57]} 8. Qd2 {[%clk 1:31:05]} Be6
{[%clk 1:33:08]} 9. O-O-O {[%clk 1:29:19]} Bf6 {[%clk 1:32:31]} 10. Kb1
{[%clk 1:27:34]} Qd7 {[%clk 1:31:53]} 11. h3 {[%clk 1:26:21]} O-O-O
{[%clk 1:31:28]} 12. Ng5 {[%clk 1:22:52]} Bf5 {[%clk 1:26:12]} 13. Bd3
{[%clk 1:15:13]} Bxd3 {[%clk 1:20:35]} 14. cxd3 {[%clk 1:12:12]} d5
{[%clk 1:17:11]} 15. d4 {[%clk 1:07:01]} h6 {[%clk 1:16:01]} 16. Nf3
{[%clk 1:06:30]} Rhe8 {[%clk 1:15:17]} 17. Rhe1 {[%clk 1:04:04]} Na5
{[%clk 1:08:04]} 18. Qd3 {[%clk 0:58:32]} Nc4 {[%clk 1:07:38]} 19. Bc1
{[%clk 0:48:29]} Qb5 {[%clk 1:00:35]} 20. Ka1 {[%clk 0:45:46]} a5
{[%clk 0:57:26]} 21. b3 {[%clk 0:40:06]} Nd6 {[%clk 0:57:30]} 22. Qxb5
{[%clk 0:39:52]} Nxb5 {[%clk 0:57:52]} 23. Kb2 {[%clk 0:39:13]} Nd6
{[%clk 0:53:54]} 24. Re3 {[%clk 0:32:43]} Rxe3 {[%clk 0:48:58]} 25. Bxe3
{[%clk 0:32:43]} Re8 {[%clk 0:48:42]} 26. Re1 {[%clk 0:30:42]} Ne4
{[%clk 0:47:22]} 27. Nd2 {[%clk 0:25:50]} Kd7 {[%clk 0:40:31]} 28. Kc2
{[%clk 0:24:32]} Nxd2 {[%clk 0:39:52]} 29. Kxd2 {[%clk 0:23:51]} Re6
{[%clk 0:36:11]} 30. Re2 {[%clk 0:19:26]} b6 {[%clk 0:34:01]} 31. Bf4
{[%clk 0:16:59]} Rxe2+ {[%clk 0:33:40]} 32. Kxe2 {[%clk 0:17:21]} Be7
{[%clk 0:33:19]} 33. Ke3 {[%clk 0:15:45]} Bd6 {[%clk 0:33:30]} 34. Bxd6
{[%clk 0:15:04]} Kxd6 {[%clk 0:33:55]} 35. Kf4 {[%clk 0:14:25]} Ke6
{[%clk 0:33:50]} 36. g4 {[%clk 0:13:20]} g5+ {[%clk 0:33:36]} 37. Kg3
{[%clk 0:11:37]} f6 {[%clk 0:33:32]} 38. f4 {[%clk 0:09:49]} Kd6 {[%clk 0:33:27]}
39. f5 {[%clk 0:05:47]} c5 {[%clk 0:30:27]} 40. Kf3 {[%clk 0:34:30]} cxd4
{[%clk 0:59:31]} 41. cxd4 {[%clk 0:34:46]} Kc6 {[%clk 0:59:36]} 42. Ke3
{[%clk 0:34:41]} Kb5 {[%clk 0:59:45]} 43. Kd2 {[%clk 0:32:38]} Kb4
{[%clk 0:59:38]} 44. Kc2 {[%clk 0:32:23]} Ka3 {[%clk 0:58:38]} 45. Kb1
{[%clk 0:32:31]} a4 {[%clk 0:58:47]} 46. bxa4 {[%clk 0:32:30]} Kxa4
{[%clk 0:59:11]} 47. Kc2 {[%clk 0:31:46]} Ka3 {[%clk 0:58:41]} 48. Kc3
{[%clk 0:31:53]} b5 {[%clk 0:55:58]} 49. Kd3 {[%clk 0:31:49]} Kxa2
{[%clk 0:56:14]} 50. Kc2 {[%clk 0:32:09]} b4 {[%clk 0:56:35]} 51. Kc1
{[%clk 0:32:29]} b3 {[%clk 0:56:58]} 52. Kd2 {[%clk 0:32:54]} b2 {[%clk 0:57:23]}
53. Kc2 {[%clk 0:33:20]} b1=Q+ {[%clk 0:57:44]} 0-1

[Event "MP do lat 16 - dziewczeta"]
[Site "Sypniewo"]
[Date "2022.03.27"]
[Round "9.23"]
[White "Idzior, Izabela"]
[Black "Jureczko, Anna"]
[Result "0-1"]
[BlackElo "1200"]
[WhiteElo "1369"]
[LiveChessVersion "1.4.8"]

1. e4 {[%clk 1:29:25]} d5 {[%clk 1:30:53]} 2. exd5 {[%clk 1:29:41]} Qxd5
{[%clk 1:31:18]} 3. Nc3 {[%clk 1:30:02]} Qa5 {[%clk 1:31:45]} 4. Bc4
{[%clk 1:30:20]} Nf6 {[%clk 1:31:40]} 5. d3 {[%clk 1:30:45]} c6 {[%clk 1:31:40]}
6. Qe2 {[%clk 1:30:54]} Bf5 {[%clk 1:30:15]} 7. Bd2 {[%clk 1:30:51]} Qc7
{[%clk 1:30:32]} 8. h3 {[%clk 1:29:43]} h6 {[%clk 1:28:10]} 9. g4
{[%clk 1:29:37]} Bg6 {[%clk 1:26:58]} 10. O-O-O {[%clk 1:28:31]} Nbd7
{[%clk 1:23:53]} 11. f4 {[%clk 1:25:42]} Bh7 {[%clk 1:05:32]} 12. g5
{[%clk 1:21:56]} Ng8 {[%clk 0:57:45]} 13. Nf3 {[%clk 1:13:03]} e6
{[%clk 0:56:15]} 14. Qe3 {[%clk 0:58:40]} Bc5 {[%clk 0:53:59]} 15. d4
{[%clk 0:58:31]} Bd6 {[%clk 0:53:45]} 16. Ne5 {[%clk 0:57:27]} Nxe5
{[%clk 0:52:32]} 17. fxe5 {[%clk 0:55:32]} Be7 {[%clk 0:52:04]} 18. h4
{[%clk 0:55:33]} O-O-O {[%clk 0:51:44]} 19. Ne4 {[%clk 0:51:00]} Qb6
{[%clk 0:48:53]} 20. Bc3 {[%clk 0:47:21]} Bxe4 {[%clk 0:49:04]} 21. Qxe4
{[%clk 0:47:14]} hxg5 {[%clk 0:48:42]} 22. hxg5 {[%clk 0:46:22]} Bxg5+
{[%clk 0:48:54]} 23. Kb1 {[%clk 0:46:45]} Ne7 {[%clk 0:48:29]} 24. Rxh8
{[%clk 0:45:50]} Rxh8 {[%clk 0:48:54]} 25. Qg4 Bh6 {[%clk 0:48:37]} 26. Rf1
{[%clk 0:39:13]} Nf5 {[%clk 0:48:50]} 27. Bd3 {[%clk 0:38:45]} Ne3
{[%clk 0:49:08]} 28. Qf3 {[%clk 0:38:15]} Nxf1 {[%clk 0:49:32]} 29. Qxf1
{[%clk 0:38:36]} Qc7 {[%clk 0:49:20]} 30. Qe1 {[%clk 0:38:41]} Qd7
{[%clk 0:49:08]} 31. Qf2 {[%clk 0:38:18]} Bg5 {[%clk 0:48:16]} 32. a3
{[%clk 0:38:14]} f6 {[%clk 0:43:22]} 33. Bc4 {[%clk 0:29:50]} fxe5
{[%clk 0:41:00]} 34. dxe5 {[%clk 0:29:22]} b6 {[%clk 0:40:45]} 35. Ba6+
{[%clk 0:26:18]} Kc7 {[%clk 0:39:07]} 36. Qe2 {[%clk 0:14:25]} Rd8
{[%clk 0:37:58]} 37. Qf2 {[%clk 0:11:41]} Qe8 {[%clk 0:36:29]} 38. Bb4
{[%clk 0:08:29]} Be7 {[%clk 0:36:21]} 39. Ba5 {[%clk 0:07:12]} Qf8
{[%clk 0:35:55]} 40. Qe1 {[%clk 0:36:15]} Rd5 {[%clk 1:05:13]} 41. Bc3
{[%clk 0:35:44]} Qd8 {[%clk 1:04:23]} 42. Qg3 {[%clk 0:33:42]} Rd1+
{[%clk 1:01:59]} 43. Ka2 {[%clk 0:34:04]} Qf8 {[%clk 1:01:23]} 44. Qg4
{[%clk 0:32:51]} Rc1 {[%clk 0:58:59]} 45. Qxe6 {[%clk 0:31:32]} Rxc2
{[%clk 0:58:33]} 46. Qh3 {[%clk 0:27:09]} Bxa3 {[%clk 0:54:22]} 47. Qg3
{[%clk 0:24:15]} Be7 {[%clk 0:54:20]} 48. e6+ {[%clk 0:23:03]} Bd6
{[%clk 0:54:47]} 49. Qd3 {[%clk 0:20:29]} Rg2 {[%clk 0:52:19]} 50. Qc4
{[%clk 0:18:10]} Rg6 {[%clk 0:50:49]} 51. Bb5 {[%clk 0:18:09]} Qe8
{[%clk 0:50:26]} 52. e7 {[%clk 0:15:28]} Bxe7 {[%clk 0:50:36]} 0-1

[Event "MP do lat 16 - dziewczeta"]
[Site "Sypniewo"]
[Date "2022.03.27"]
[Round "9.24"]
[White "Gac-Mytych, Sara"]
[Black "Lach, Alicja"]
[Result "0-1"]
[BlackElo "1327"]
[WhiteElo "1202"]
[LiveChessVersion "1.4.8"]

1. e4 {[%clk 1:30:57]} c5 {[%clk 1:30:53]} 2. c3 {[%clk 1:31:20]} d5
{[%clk 1:31:17]} 3. exd5 {[%clk 1:31:45]} Qxd5 {[%clk 1:31:43]} 4. d4
{[%clk 1:32:09]} Nc6 {[%clk 1:31:53]} 5. Nf3 {[%clk 1:32:13]} Bg4
{[%clk 1:32:17]} 6. Be2 {[%clk 1:32:28]} e6 {[%clk 1:32:35]} 7. Be3
{[%clk 1:29:44]} cxd4 {[%clk 1:32:57]} 8. Bxd4 {[%clk 1:13:06]} Nxd4
{[%clk 1:30:38]} 9. Qxd4 {[%clk 1:12:16]} Nf6 {[%clk 1:26:55]} 10. Qa4+
{[%clk 0:53:07]} Kd8 {[%clk 1:17:30]} 11. O-O {[%clk 0:50:58]} Kc7
{[%clk 1:14:54]} 12. Rd1 {[%clk 0:49:27]} Qc5 {[%clk 1:08:14]} 13. Nbd2
{[%clk 0:42:02]} Be7 {[%clk 1:00:32]} 14. Nb3 {[%clk 0:39:02]} Qb6
{[%clk 0:54:00]} 15. Qc4+ {[%clk 0:33:15]} Qc6 {[%clk 0:52:41]} 16. Qxc6+
{[%clk 0:30:41]} bxc6 {[%clk 0:53:03]} 17. h3 {[%clk 0:30:23]} Bh5
{[%clk 0:48:59]} 18. g4 {[%clk 0:23:36]} Bg6 {[%clk 0:48:46]} 19. Nbd4
{[%clk 0:19:51]} Rab8 {[%clk 0:47:46]} 20. b3 {[%clk 0:19:02]} Nd5
{[%clk 0:47:44]} 21. c4 {[%clk 0:12:08]} Nc3 {[%clk 0:44:14]} 22. Rdc1
{[%clk 0:08:17]} Nxe2+ {[%clk 0:38:36]} 23. Nxe2 {[%clk 0:08:38]} Ba3
{[%clk 0:35:18]} 24. Re1 {[%clk 0:06:51]} Bb2 {[%clk 0:31:31]} 25. Rad1
{[%clk 0:07:12]} Rhd8 {[%clk 0:27:04]} 26. Rd2 {[%clk 0:04:48]} Rxd2
{[%clk 0:24:19]} 27. Nxd2 {[%clk 0:05:16]} Rd8 {[%clk 0:24:34]} 28. Nf3
{[%clk 0:04:49]} Bf6 {[%clk 0:23:15]} 29. Nf4 {[%clk 0:03:20]} Bc3
{[%clk 0:20:36]} 30. Re3 {[%clk 0:02:31]} Bd2 {[%clk 0:18:49]} 31. Nxd2
{[%clk 0:02:44]} Rxd2 {[%clk 0:19:15]} 32. Nxg6 {[%clk 0:02:59]} hxg6
{[%clk 0:19:41]} 33. a4 {[%clk 0:03:13]} g5 {[%clk 0:18:25]} 34. Rf3
{[%clk 0:01:48]} f6 {[%clk 0:18:35]} 35. Kf1 {[%clk 0:01:51]} e5 {[%clk 0:18:03]}
36. Re3 {[%clk 0:01:46]} Rd4 {[%clk 0:17:35]} 37. f3 {[%clk 0:01:47]} Kb6
{[%clk 0:16:40]} 38. Ke2 {[%clk 0:01:46]} c5 {[%clk 0:14:07]} 39. Re4
{[%clk 0:01:36]} Ka5 {[%clk 0:13:14]} 40. Re3 {[%clk 0:31:23]} Kb4
{[%clk 0:43:24]} 41. Kf2 {[%clk 0:29:06]} Ka3 {[%clk 0:41:29]} 42. Kg3
{[%clk 0:23:22]} Rd1 {[%clk 0:40:34]} 43. h4 {[%clk 0:21:33]} gxh4+
{[%clk 0:40:43]} 44. Kxh4 {[%clk 0:21:54]} Rh1+ {[%clk 0:36:38]} 45. Kg3
{[%clk 0:22:13]} Rg1+ {[%clk 0:36:14]} 46. Kh4 {[%clk 0:21:55]} Rh1+
{[%clk 0:35:11]} 47. Kg3 {[%clk 0:22:19]} Rd1 {[%clk 0:35:33]} 48. Kf2
{[%clk 0:21:53]} Rd4 {[%clk 0:34:52]} 49. Ke2 {[%clk 0:12:55]} g5
{[%clk 0:35:13]} 50. Ke1 {[%clk 0:12:12]} Kb2 {[%clk 0:34:34]} 51. Kf2
{[%clk 0:04:51]} Kc2 {[%clk 0:33:35]} 52. Ke2 {[%clk 0:02:15]} Rd2+
{[%clk 0:33:42]} 53. Ke1 {[%clk 0:02:21]} Rd3 {[%clk 0:32:29]} 54. Rxd3
{[%clk 0:02:13]} Kxd3 {[%clk 0:32:53]} 55. b4 {[%clk 0:01:21]} cxb4
{[%clk 0:31:51]} 56. c5 {[%clk 0:01:42]} b3 {[%clk 0:32:18]} 57. c6
{[%clk 0:01:59]} b2 {[%clk 0:32:44]} 58. c7 {[%clk 0:02:21]} b1=Q+
{[%clk 0:33:08]} 59. Kf2 {[%clk 0:02:47]} Qc2+ {[%clk 0:33:28]} 0-1